000 00553nam a2200205Ia 4500
001 5282
003 GE_BSU
008 181216s||||||||xx |||||||||||||| ||und||
040 _cGE_BSU
100 _aГорский Д.П.
245 _aЛогика : Учеб. пособие для пед. ин-тов
250 _aизд. 2-е исправ
260 _aМосква.
260 _bУчпедгиз,
260 _c1963.
300 _a291с 22 см.
300 _e(АНААР ин-ут философии)
653 _aЛогика
942 _cBK
999 _c38869
_d38869